000 00634nam a2200217Ia 4500
005 20241129115710.0
008 241129s9999||||xx |||||||||||||| ||und||
020 _a9789356400528
037 _aTB
040 _aSDCL
_beng
_cSDCL
041 _aeng
_2eng
084 _aV2'L R2
_qSDCL
100 _aBalabanlilar Lisa
_927644
245 0 _aImperial identity in the mughal empire : Memory and dynastic politics in early modern south and central Asia
260 _aNew Delhi
_bBloomsbury
_c2022
300 _axix,216p.
365 _aINR
_b999
650 _aReference
942 _cTB
_hV2'L R2
999 _c1231614
_d1231614